000 02596nam0a2200385 i 4500
001 RU\NLR\BIBL_A\010459369
005 20260408203305.0
010 _a9785895640869
021 _aRU
_b2014-49144
_92969
035 _a(NILC)RuMoRGB-007518723
035 _a(NLR Aleph) 010459369
090 _a9967945
_c9967945
100 _a20140908d2014 km y0rusy50 ca
101 0 _arus
102 _aRU
105 _aa|||z|||100yy
200 1 _aXXIII Международная научно-техническая конференция и школа по фотоэлектронике и приборам ночного видения, 28-30 мая 2014, Москва, Россия
_eтруды конференции
210 _aМосква
_cГосударственный научный центр Российской Федерации Открытое АО "НПО "Орион"
_d2014
215 _a605 с.
_cил.
_d21
300 _aЗагл. обл.: XXIII Международная научно-техническая конференция по фотоэлектронике и приборам ночного видения, 28-30 мая 2014, Москва, Россия
300 _aНа обл. в надзаг.: НПО "Орион"
320 _aБиблиогр. в конце ст.
512 1 _aXXIII Международная научно-техническая конференция по фотоэлектронике и приборам ночного видения, 28-30 мая 2014, Москва, Россия
517 1 _aДвадцать третья Международная научно-техническая конференция по фотоэлектронике и приборам ночного видения, 28-30 мая 2014, Москва, Россия
606 _aФотоэлектроника
_jСъезды, совещания и т.п
_91877194
_3RU\NLR\AUTH\661143369
606 _aНочного видения приборы
_jСъезды, совещания и т.п
_3RU\NLR\AUTH\661534042
_92596345
686 1 _aЗ996-5я431(0)
686 1 _aЗ854я431(0)
710 1 2 _aМеждународная научно-техническая конференция и школа по фотоэлектронике и приборам ночного видения
_d23
_eМосква
_f2014
_9424092
_3RU\NLR\AUTH\880378861
801 0 _aRU
_bРГБ
_c20140710
_gRCR
801 1 _aRU
_bРГБ
_c20140710
_2rusmarc
942 _cBOOK
980 _aNBR